000 01291nam a2200325 a 4500
999 _c128380
_d128380
001 4844671
003 ARRUPE
005 20181012120012.0
008 901106s1989 enka b 101 0 eng
010 _a 90212762
020 _a1852870192
040 _aDLC
_cDLC
043 _ad------
050 0 0 _aHV6433.D44
_bS73 1989
082 0 0 _a303.6/25/091724
_220
245 0 0 _aStates of terror :
_cCatholic Institute for International Relations
_bdeath squads or development?
260 _aLondon :
_bCatholic Institute for International Relations,
_c1989.
300 _axix, 135 p. :
_bill. ;
_c24 cm.
504 _aIncludes bibliographical references and index.
650 0 _aTerrorism
_zDeveloping countries
_xCongresses.
_942921
650 0 _aState-sponsored terrorism
_zDeveloping countries
_xCongresses.
_942922
650 0 _aInsurgency
_zDeveloping countries
_xCongresses.
_942923
650 0 _aVigilance committees
_zDeveloping countries
_xCongresses.
_942924
650 0 _aEconomic development
_xSocial aspects
_xCongresses.
_942925
740 0 _aCatholic Institute for International Relations.
906 _a7
_bcbc
_corignew
_d3
_encip
_f19
_gy-gencatlg
942 _2lcc
_cMONOGRAPH